|
|
|
|
| LEADER |
00000nam0a2200000 4500 |
| 001 |
373929 |
| 005 |
20231101050933.0 |
| 020 |
|
|
|a RU
|b 82-22955
|
| 035 |
|
|
|a (RuTPU)RU\TPU\retro\31361
|
| 035 |
|
|
|a RU\TPU\book\225300
|
| 090 |
|
|
|a 373929
|
| 100 |
|
|
|a 20221216d1982 k y0rusy5003 ca
|
| 101 |
0 |
|
|a rus
|
| 102 |
|
|
|a UA
|
| 105 |
|
|
|a a z 001zy
|
| 200 |
1 |
|
|a Связанные задачи термовязкоупругости
|f В. Г. Карнаухов
|g Академия наук Украинской ССР (АН УССР), Институт механики
|
| 210 |
|
|
|a Киев
|c Наукова думка
|d 1982
|
| 215 |
|
|
|a 259 с.
|c ил.
|
| 320 |
|
|
|a Библиогр.: с. 248-258.
|
| 610 |
1 |
|
|a температурные напряжения
|
| 610 |
1 |
|
|a вязкость
|
| 610 |
1 |
|
|a упругость
|
| 610 |
1 |
|
|a вязкоупругость
|
| 610 |
1 |
|
|a связанные задачи
|
| 610 |
1 |
|
|a термодинамическая теория
|
| 675 |
|
|
|a 539.37
|v 3
|z rus
|
| 700 |
|
1 |
|a Карнаухов
|b В. Г.
|g Василий Гаврилович
|4 070
|
| 712 |
0 |
2 |
|a Академия наук Украинской ССР (АН УССР)
|b Институт механики
|c (Киев)
|c (1959-1991)
|2 stltpush
|3 (RuTPU)RU\TPU\col\1205
|
| 801 |
|
0 |
|a RU
|b RuMRKP
|c 19950704
|g psbo
|
| 801 |
|
1 |
|a RU
|b 63413507
|c 20120114
|
| 801 |
|
2 |
|a RU
|b 63413507
|c 20221216
|g RCR
|
| 942 |
|
|
|c BK
|